000 01065nam a2200181 i 4500
001 153996
003 ES-MaACL
005 20250813092332.0
008 990409s1892 po |||| | por d
040 _aCAM
_bspa
_cCAM
111 2 _aExposición Histórico-Americana
_d(1892.
_cMadrid)
_9135137
245 1 0 _aCatalogo dos objectos de arte e industria dos indigenas da America que pelas festas commemorativas do 4º Centenario da sua descoberta a Academia Real das Sciencias de Lisboa envia á exposiçao de Madrid /
_cA.C. Teixeirea de Aragao.
260 _aLisboa :
_bAcademia Real das Sciencias,
_c1892.
300 _a44 p., [2] h. de lám. :
_bil. ;
_c26 cm.
700 1 _aTeixeira de Aragão, Augusto Carlos.
_9162644
852 _aES-MaACL
_jT-652-F-4
_z-- Enc. hol., conservando la cub. original en perg.
_z-- Enc. en un vol. facticio
_x-- Edic.: tiene una cub. conjunta para esta obra y "Breve noticia sobre o descobrimiento da America e Catalogo dos objectos de arte ..." -- Cada obra tiene su port. y paginación independiente
999 _c153996
_d153996